Western Nights - Ethel Cain - Statistics

General Stats
  • This quiz has been taken 75 times
  • The average score is 256 of 317
Answer Stats
Answer % Correct
a
100%
I
100%
the
100%
The
100%
be
98%
in
98%
In
98%
do
95%
love
95%
me
95%
of
95%
On
95%
on
95%
to
95%
you
95%
But
93%
his
93%
If
93%
if
93%
I'm
93%
Like
93%
like
93%
never
93%
Would
93%
always
91%
Always
91%
and
91%
And
91%
ask
91%
hold
91%
Hold
91%
looked
91%
so
91%
Through
91%
through
91%
your
91%
across
89%
baby
89%
beautiful
89%
black
89%
blue
89%
Crying
89%
Even
89%
find
89%
gonna
89%
He's
89%
I'd
89%
leave
89%
more
89%
say
89%
shades
89%
Trouble's
89%
asked
86%
at
86%
gun
86%
line
86%
lot
86%
mind
86%
nights
86%
parking
86%
show
86%
Show
86%
western
86%
harley
84%
him
84%
it
84%
left
84%
lose
84%
state
84%
these
84%
too
84%
when
84%
will
84%
alright
82%
every
82%
how
82%
I'll
82%
naked
82%
Sleeping
82%
thin
82%
what's
82%
all
80%
All
80%
gets
80%
hot
80%
know
80%
there
80%
beside
77%
don't
77%
much
77%
right
77%
ATMs
75%
because
75%
daddy
75%
getting
75%
happy
75%
long
75%
mean
75%
only
75%
walls
75%
watched
75%
Breaking
73%
paper
73%
sheets
73%
want
73%
While
73%
beat
70%
haven't
70%
keeps
70%
(keeps
70%
my
70%
neighborhood
70%
neighbors
70%
no
70%
No
70%
spoken
70%
that
70%
time
70%
undressed
70%
worry
70%
bar
68%
bed
68%
lying
68%
money's
68%
smaller
68%
smaller)
68%
street
66%
'Cause
64%
fights
64%
Oh
64%
oh
64%
wondering
64%
face-first
61%
Riding
61%
Starting
61%
that's
55%
light
52%
TV
50%
are
48%
out
48%
static
48%
still
48%
there's
48%
starved
43%
gas
41%
known
39%
addict
36%
name
36%
should've
36%
some
36%
okay
34%
screaming
34%
behind
32%
onto
32%
Clinging
30%
day
30%
die
30%
interstate
30%
love-blind
30%
need
30%
one
30%
Please
30%
stations
30%
you'll
30%
could
27%
down
27%
Pass
20%
trailing
20%
No matching quizzes found
Score Distribution
Percent of People with Each Score
Percentile by Number Answered
Your Score History
You have not taken this quiz